Pays d'Europe par point culminant - Carte Quiz - Statistiques

Statistiques générales
  • Ce quiz a été pris 23 fois
  • Le résultat moyen est 16 sur 45
Réponses sur la Carte
Les réponses sont colorées sur une échelle allant du rouge au vert en fonction du pourcentage des utilisateurs qui les ont devinées à leur premier essai. Vous pouvez retrouver ces pourcentages ci-dessous.
 
Statistiques - réponses
Réponse % Correct
Mont Blanc
100%
Colline du Vatican
83%
Monte Bianco
83%
Mont Olympe
83%
Elbrouz
65%
Ben Nevis
61%
Hvannadalshnjúkur
61%
Signal de Botrange
61%
Teide
52%
Grossglockner
48%
Mont Korab (al)
48%
Ponta do Pico
48%
Zugspitze
48%
Chemin des Révoires
43%
Moldoveanu
43%
Mont Korab (mk)
43%
Pic de Coma Pedrosa
43%
Pointe Dufour
43%
Grauspitz
35%
Aukštojas
30%
Carrauntuohil
30%
Dealul Bălăneşti
30%
Triglav
30%
Mont Titano
26%
Vaalserberg
26%
Yding Skovhøj
26%
Dinara
22%
Galdhøpiggen
22%
Gerlachovský štít
17%
Kékes
17%
Kneiff
17%
Mont Dzerjinski
17%
Sniejka
17%
Ta' Dmejrek
17%
Gaiziņkalns
13%
Halti
13%
Hoverla
13%
Kebnekaise
13%
Maglić
13%
Midzor
13%
Mousala
13%
Suur Munamägi
13%
Zla Kolata
13%
Djeravica
9%
Rysy
9%
Aucun quiz correspondant
Distribution des résultats
% des personnes avec chaque résultat
Percentile par nombre de réponses
Votre historique - résultats
Vous n’avez pas pris ce quiz